Montañas más altas de cada provincia - Estadísticas

Estadísticas generales
  • Esta prueba ha sido intentada 90 veces
  • La puntuación promedio es 8 de 50
Estadísticas de respuestas
Provincia Altitud Respuesta % Correcto
Santa Cruz de Tenerife 3718 Teide
100%
Granada 3478 Mulhacen
96%
Huesca 3404 Aneto
89%
Soria 2314 Moncayo
32%
Zaragoza 2314 Moncayo
32%
Madrid 2428 Peñalara
31%
Segovia 2428 Peñalara
31%
Ávila 2591 Pico Almanzor
29%
Principiado de Asturias 2651 Torre Cerredo
25%
León 2651 Torre Cerredo
25%
Navarra 2443 Mesa de los Tres Reyes
21%
Álava 1482 Gorbea
17%
Vizcaya 1482 Gorbea
17%
La Rioja 2271 Cerro de San Lorenzo
15%
Alicante 1558 Pico de Aitana
14%
Orense 2128 Peña Trevinca
13%
Zamora 2128 Peña Trevinca
13%
Cantabria 2618 Torre Blanca
13%
Castellón 1815 Peñagolosa
11%
Islas Baleares 1436 Puig Major
11%
Jaén 2165 Pico Mágina
10%
Cáceres 2399 Calvitero
8%
Salamanca 2427 Canchal de la Ceja
8%
Cádiz 1648 El Torreón
8%
Málaga 2065 La Maroma
8%
Guadalajara 2274 Pico del Lobo
8%
Burgos 2131 Pico San Millan
8%
Gerona 2915 Puigpedrós
8%
Almería 2611 Chullo
7%
Huelva 1055 Monte Bonales
7%
Sevilla 1129 Pico del Terril
7%
Valencia 1837 Alto de las Barracas
6%
Badajoz 1112 Cerro de Tentudía
6%
Cuenca 1864 La Mogorrita
6%
Palencia 2537 Peña del Infierno
6%
Barcelona 2604 Pic de Costa Cabirolera
6%
Albacete 2083 Pico de la Atalaya
6%
Toledo 1449 Pico Rocigalgo
6%
Tarragona 1441 Montcaro
4%
Lugo 1930 O Mustallar
4%
Valladolid 932 Pico Cuchillejo
4%
Teruel 2028 Pico de Peñarroya
4%
Pontevedra 1180 Pico Faro
4%
Guipúzcoa 1551 Aketegui
3%
Córdoba 1567 La Tiñosa
3%
Lérida 3143 Pica d´Estats
3%
Ciudad Real 1344 Pico del Amor
3%
La Coruña 802 Pico Pilar
3%
Las Palmas 1957 Morro de la Agujereada
1%
Murcia 2014 Ovispo
1%
No se encontraron pruebas coincidentes
Distribución de puntuación
Porcentaje de gente con cada puntuación
Porcentaje por número respondido
Historial de tus puntuaciones
No has intentado esta prueba.